[Event "Kvika Reykjavik Open 2022"]
[Site "Reykjavik, Iceland"]
[Date "2022.04.08"]
[Round "4.38"]
[White "Collins, Adam"]
[Black "Sarkar, Justin"]
[Result "0-1"]
[WhiteElo "2039"]
[BlackElo "2314"]
[PlyCount "78"]
[EventDate "2022.??.??"]

1. e4 {[%eval 33,0]} e5 {[%eval 12,0]} 2. Nf3 {[%eval 19,0]} Nc6 {[%eval 32,0]}
3. Bb5 {[%eval 24,0]} a6 {[%eval 37,0]} 4. Ba4 {[%eval 35,0]} Nf6 {[%eval 37,0]
} 5. O-O {[%eval 29,0]} Be7 {[%eval 39,0]} 6. Re1 {[%eval 45,0]} b5 {[%eval 33,
0]} 7. Bb3 {[%eval 31,0]} d6 {[%eval 33,0]} 8. c3 {[%eval 96,0]} O-O {[%eval 6,
0]} 9. h3 {[%eval 5,0]} Na5 {[%eval 6,0]} 10. Bc2 {[%eval 97,0]} c5 {[%eval 65,
0]} 11. d4 {[%eval 78,0]} Nd7 {[%eval 69,0]} 12. a4 {[%eval 81,0]} Rb8 {
[%eval 7,0]} 13. Nbd2 {[%eval 55,0]} exd4 {[%eval 48,0]} 14. cxd4 {[%eval 77,0]
} Nc6 {[%eval 56,0]} 15. Nf1 {[%eval 12,0]} cxd4 $6 {[%eval 71,0] Inaccuracy.
Nxd4 was best.} (15... Nxd4 16. Nxd4 cxd4 17. Qxd4 Nc5 18. e5 Ne6 19. Qd3 g6
20. Bh6 Re8 21. exd6 Qxd6 22. Qxd6) 16. Nxd4 $6 {[%eval 0,0] Inaccuracy. axb5
was best.} (16. axb5 axb5 17. Nxd4 Nxd4 18. Qxd4 Qc7 19. Qd1 Bf6 20. Bf4 Be5
21. Bxe5 Nxe5 22. Ne3 Be6) 16... Nxd4 {[%eval 25,0]} 17. Qxd4 {[%eval 14,0]}
Ne5 {[%eval 49,0]} 18. axb5 {[%eval 41,0]} axb5 {[%eval 83,0]} 19. Qd1 {
[%eval 51,0]} Be6 {[%eval 63,0]} 20. Ne3 {[%eval 36,0]} Nc4 {[%eval 18,0]} 21.
b3 {[%eval 2,0]} Bf6 {[%eval 0,0]} 22. Ra6 {[%eval 14,0]} Qc8 {[%eval 21,0]}
23. Ra2 {[%eval 32,0]} Nxe3 {[%eval 13,0]} 24. Bxe3 {[%eval 2,0]} Qc3 {[%eval
2,0]} 25. Bd2 {[%eval 2,0]} Qc6 {[%eval 35,0]} 26. Bb4 {[%eval 24,0]} Rfd8 {
[%eval 22,0]} 27. Qd2 {[%eval 9,0]} g6 {[%eval 0,0]} 28. Rd1 $6 {[%eval 8,0]
Inaccuracy. Bd1 was best.} (28. Bd1 Ra8 29. Ba5 Rdc8 30. e5 Be7 31. Rc2 Qd7 32.
Rxc8+ Rxc8 33. Bg4 Bxg4 34. hxg4 d5) 28... Ra8 {[%eval 64,0]} 29. Ra4 $4 {
[%eval -741,0] Blunder. Rxa8 was best.} (29. Rxa8 Rxa8 30. Qd3 Be5 31. Bd2 f5
32. f4 fxe4 33. Qxe4 Qxe4 34. Bxe4 Bd4+ 35. Kh2 Ra6) 29... Rdc8 $4 {[%eval 72,
0] Blunder. bxa4 was best.} (29... bxa4 30. bxa4 Rdc8 31. Bxd6 Qxc2 32. Qxc2
Rxc2 33. f3 Rc4 34. g4 Bc3 35. Bg3 Ba5 36. e5) 30. Rxa8 {[%eval 74,0]} Rxa8 {
[%eval 79,0]} 31. Bxd6 $4 {[%eval -284,0] Blunder. Qd3 was best.} (31. Qd3)
31... Rd8 {[%eval -111,0]} 32. f4 $2 {[%eval -459,0] Mistake. e5 was best.} (
32. e5 Bxe5 33. Bxe5 Rxd2 34. Rxd2 f6 35. Bd4 Bd5 36. f3 Be6 37. Re2 Kf7 38.
Bf2 Qd6) 32... Rxd6 {[%eval -431,0]} 33. Qxd6 {[%eval -417,0]} Qxc2 {[%eval
-435,0]} 34. f5 {[%eval -597,0]} Bxb3 {[%eval -596,0]} 35. Rf1 {[%eval -524,0]}
Qc3 {[%eval -700,0]} 36. Qb8+ {[%eval -677,0]} Kg7 {[%eval -677,0]} 37. fxg6 {
[%eval -666,0]} hxg6 $6 {[%eval -476,0] Inaccuracy. Qc5+ was best.} (37... Qc5+
) 38. Rf3 $4 {[%eval -32741,0] Checkmate is now unavoidable. Rxf6 was best.} (
38. Rxf6) 38... Bd4+ $6 {[%eval -994,0] Lost forced checkmate sequence. Qe1+
was best.} (38... Qe1+ 39. Kh2 Bd4 40. h4 Be6 41. Rxf7+ Bxf7 42. Qf4 Bf2 43.
Qxf2 Qxf2 44. Kh1 Be6 45. Kh2) 39. Kh1 $6 {[%eval -32755,0] Checkmate is now
unavoidable. Kh2 was best.} (39. Kh2 Be5+) 39... Qa1+ {[%eval -32751,0]} 0-1

[Event "Kvika Reykjavik Open 2022"]
[Site "Reykjavik, Iceland"]
[Date "2022.04.08"]
[Round "4.39"]
[White "Balzer, Lars"]
[Black "Kolbus, Dietmar"]
[Result "1/2-1/2"]
[WhiteElo "2015"]
[BlackElo "2312"]
[PlyCount "102"]
[EventDate "2022.??.??"]

1. e4 {[%eval 33,0]} c5 {[%eval 32,0]} 2. Nc3 {[%eval 24,0]} Nc6 {[%eval 38,0]}
3. g3 {[%eval 0,0]} g6 {[%eval 13,0]} 4. Bg2 {[%eval 0,0]} Bg7 {[%eval 0,0]} 5.
d3 {[%eval 0,0]} d6 {[%eval 13,0]} 6. Be3 {[%eval 24,0]} Nf6 {[%eval 6,0]} 7.
h3 {[%eval 12,0]} e5 {[%eval 9,0]} 8. Qd2 {[%eval 21,0]} h6 {[%eval 25,0]} 9.
f4 {[%eval 9,0]} Nd4 {[%eval 36,0]} 10. Nce2 {[%eval 37,0]} Qe7 {[%eval 16,0]}
11. c3 {[%eval 24,0]} Nc6 {[%eval 33,0]} 12. c4 {[%eval 43,0]} Nd4 {[%eval 57,
0]} 13. g4 $6 {[%eval 3,0] Inaccuracy. Nc3 was best.} (13. Nc3) 13... Nd7 {
[%eval 11,0]} 14. f5 {[%eval 26,0]} Bf6 {[%eval 73,0]} 15. Nf3 {[%eval 84,0]}
Nxf3+ {[%eval 105,0]} 16. Bxf3 {[%eval 116,0]} Bh4+ {[%eval 98,0]} 17. Kf1 {
[%eval 88,0]} Bg5 {[%eval 79,0]} 18. Nc3 {[%eval 92,0]} Bxe3 {[%eval 86,0]} 19.
Qxe3 {[%eval 93,0]} Qh4 {[%eval 99,0]} 20. Nd5 {[%eval 102,0]} Kd8 {[%eval 101,
0]} 21. Qf2 {[%eval 126,0]} Qxf2+ {[%eval 108,0]} 22. Kxf2 {[%eval 106,0]} b6 {
[%eval 112,0]} 23. h4 {[%eval 122,0]} Bb7 {[%eval 139,0]} 24. Ne3 {[%eval 131,
0]} Kc7 {[%eval 101,0]} 25. g5 {[%eval 95,0]} h5 $2 {[%eval 242,0] Mistake.
Rag8 was best.} (25... Rag8 26. b3 Bc6 27. fxg6 fxg6 28. Bg4 Nf8 29. gxh6 Rxh6
30. Kg3 Kd8 31. Raf1 Ke7 32. Rf2) 26. Bg2 {[%eval 242,0]} Raf8 {[%eval 205,0]}
27. Ke2 $6 {[%eval 161,0] Inaccuracy. Raf1 was best.} (27. Raf1 Bc6) 27... Nb8
{[%eval 183,0]} 28. Raf1 {[%eval 189,0]} Kd8 {[%eval 106,0]} 29. Rf2 {[%eval
192,0]} Nc6 {[%eval 196,0]} 30. Rhf1 {[%eval 178,0]} Nd4+ {[%eval 136,0]} 31.
Kd2 {[%eval 181,0]} Ke7 {[%eval 175,0]} 32. Nc2 $6 {[%eval 107,0] Inaccuracy.
Bh3 was best.} (32. Bh3) 32... gxf5 $6 {[%eval 109,0] Inaccuracy. Nxc2 was
best.} (32... Nxc2 33. Kxc2 Bc8 34. Bh3 Rhg8 35. Rg1 Bd7 36. Rf3 a5 37. Kd2 Kd8
38. Rgf1 Ke7 39. fxg6) 33. Nxd4 {[%eval 171,0]} cxd4 {[%eval 177,0]} 34. Rxf5
$6 {[%eval 87,0] Inaccuracy. exf5 was best.} (34. exf5 Bxg2 35. Rxg2 Rc8 36.
Rfg1 a6 37. a4 Rhf8 38. Ke2 d5 39. cxd5 Kd6 40. g6 fxg6) 34... Bc8 {[%eval 100,
0]} 35. Rf6 {[%eval 78,0]} Be6 {[%eval 105,0]} 36. Kc2 {[%eval 82,0]} Rfg8 {
[%eval 67,0]} 37. b4 {[%eval 76,0]} Rg6 {[%eval 109,0]} 38. a4 $6 {[%eval 29,0]
Inaccuracy. R6f3 was best.} (38. R6f3) 38... Rhg8 $6 {[%eval 106,0] Inaccuracy.
Rxf6 was best.} (38... Rxf6 39. Rxf6 Rg8 40. Rf2 a5 41. b5 Rf8 42. Rf6 Rg8 43.
Rh6 Rg6 44. Rxh5 f6 45. Bf3) 39. Kb3 $2 {[%eval 0,0] Mistake. R6f2 was best.} (
39. R6f2 a6) 39... Rxf6 {[%eval 0,0]} 40. Rxf6 {[%eval 0,0]} Rg6 {[%eval 0,0]}
41. Rxg6 {[%eval 0,0]} fxg6 {[%eval 0,0]} 42. Kc2 {[%eval 0,0]} Bg4 {[%eval 0,
0]} 43. Kd2 {[%eval 0,0]} Kd7 {[%eval 0,0]} 44. b5 {[%eval 0,0]} Kc7 {[%eval 0,
0]} 45. Kc2 {[%eval 0,0]} Kb7 {[%eval 0,0]} 46. Kd2 {[%eval 0,0]} a6 {[%eval 0,
0]} 47. Kc2 {[%eval 0,0]} Ka7 {[%eval 0,0]} 48. Kd2 {[%eval 0,0]} Kb8 {[%eval
0,0]} 49. Kc2 {[%eval 0,0]} a5 {[%eval 0,0]} 50. Kd2 {[%eval 0,0]} Kc7 {
[%eval 0,0]} 51. Kc2 {[%eval 0,0]} Kd8 {[%eval 0,0]} 1/2-1/2

[Event "Kvika Reykjavik Open 2022"]
[Site "Reykjavik, Iceland"]
[Date "2022.04.08"]
[Round "4.41"]
[White "George Samir, David"]
[Black "Minko, Dmitry"]
[Result "0-1"]
[WhiteElo "2003"]
[BlackElo "2298"]
[PlyCount "66"]
[EventDate "2022.??.??"]

1. e4 {[%eval 33,0]} e5 {[%eval 12,0]} 2. Nf3 {[%eval 19,0]} Nc6 {[%eval 32,0]}
3. Bc4 {[%eval 21,0]} Bc5 {[%eval 2,0]} 4. O-O {[%eval 21,0]} Nf6 {[%eval 21,0]
} 5. d3 {[%eval 24,0]} d6 {[%eval 21,0]} 6. c3 {[%eval 17,0]} a6 {[%eval 32,0]}
7. a4 {[%eval 33,0]} h6 {[%eval 19,0]} 8. Re1 {[%eval 21,0]} O-O {[%eval 3,0]}
9. Nbd2 {[%eval 29,0]} Ba7 {[%eval 29,0]} 10. h3 {[%eval 19,0]} Re8 {[%eval 49,
0]} 11. b4 {[%eval 4,0]} Be6 {[%eval 43,0]} 12. Bxe6 {[%eval 53,0]} Rxe6 {
[%eval 45,0]} 13. Bb2 {[%eval 24,0]} Nh5 {[%eval 14,0]} 14. b5 $6 {[%eval 54,0]
Inaccuracy. Nb3 was best.} (14. Nb3 Nf4) 14... Ne7 $6 {[%eval 5,0] Inaccuracy.
Nf4 was best.} (14... Nf4) 15. d4 {[%eval 6,0]} Nf4 {[%eval 37,0]} 16. Nf1 {
[%eval 6,0]} Neg6 {[%eval 0,0]} 17. Ng3 {[%eval 41,0]} d5 {[%eval 52,0]} 18. c4
$4 {[%eval -231,0] Blunder. Qc2 was best.} (18. Qc2 dxe4 19. Rxe4 exd4 20. cxd4
Rxe4 21. Qxe4 Qd5 22. Qxd5 Nxd5 23. Nf5 Ngf4 24. bxa6 bxa6) 18... dxc4 {
[%eval -241,0]} 19. d5 {[%eval -384,0]} Re8 $6 {[%eval -118,0] Inaccuracy. Rf6
was best.} (19... Rf6 20. Ra3) 20. Bc3 $6 {[%eval -238,0] Inaccuracy. bxa6 was
best.} (20. bxa6 Nd3) 20... Nd3 $6 {[%eval -125,0] Inaccuracy. Qd7 was best.} (
20... Qd7 21. Nf5 axb5 22. axb5 Qxb5 23. Qd2 Nd3 24. Reb1 Qd7 25. Kh2 c6 26.
Nxh6+ gxh6 27. Qxh6) 21. Rf1 {[%eval -138,0]} axb5 {[%eval -175,0]} 22. axb5 {
[%eval -122,0]} c6 {[%eval -127,0]} 23. bxc6 {[%eval -192,0]} bxc6 {[%eval
-197,0]} 24. dxc6 $6 {[%eval -104,0] Inaccuracy. Ne1 was best.} (24. Ne1) 24...
Qb6 $4 {[%eval -97,0] Blunder. Qc7 was best.} (24... Qc7) 25. Qc2 $4 {[%eval
-377,0] Blunder. Qa4 was best.} (25. Qa4 Qc5 26. Nd2 Rec8 27. Kh2 Rxc6 28. Nf5
Rcc8 29. Qd7 Rc7 30. Qd5 Rb8 31. Qxc5 Bxc5) 25... Qxc6 {[%eval -383,0]} 26. Ra5
{[%eval -344,0]} Bc5 {[%eval -336,0]} 27. Qa2 $6 {[%eval -655,0] Inaccuracy.
Ne1 was best.} (27. Ne1) 27... Rxa5 {[%eval -697,0]} 28. Bxa5 {[%eval -662,0]}
Ra8 {[%eval -647,0]} 29. Nd2 {[%eval -609,0]} Qe6 $6 {[%eval -473,0]
Inaccuracy. Bxf2+ was best.} (29... Bxf2+ 30. Rxf2 Nxf2 31. Qxc4 Qd7 32. Bb4
Nxh3+ 33. gxh3 Qxh3 34. Nf5 Ra1+ 35. Kf2 Qh2+ 36. Kf3) 30. Qxc4 {[%eval -423,0]
} Bxf2+ {[%eval -423,0]} 31. Rxf2 {[%eval -508,0]} Nxf2 {[%eval -691,0]} 32.
Qc3 {[%eval -632,0]} Nd1 {[%eval -679,0]} 33. Qd3 {[%eval -638,0]} Nf4 {
[%eval -609,0]} 0-1

[Event "Kvika Reykjavik Open 2022"]
[Site "Reykjavik, Iceland"]
[Date "2022.04.08"]
[Round "4.42"]
[White "Johannsdottir, Johanna Bjorg"]
[Black "Large, Peter G"]
[Result "0-1"]
[WhiteElo "1973"]
[BlackElo "2293"]
[PlyCount "82"]
[EventDate "2022.??.??"]

1. e4 {[%eval 33,0]} e5 {[%eval 12,0]} 2. Nf3 {[%eval 19,0]} Nc6 {[%eval 32,0]}
3. Bc4 {[%eval 21,0]} g6 $6 {[%eval 92,0] Inaccuracy. Bc5 was best.} (3... Bc5
4. c3 Nf6 5. d3 d6 6. O-O a5 7. Re1 O-O 8. h3) 4. c3 {[%eval 46,0]} d6 {
[%eval 74,0]} 5. d4 {[%eval 97,0]} Qe7 {[%eval 109,0]} 6. Ng5 {[%eval 64,0]}
Nh6 {[%eval 67,0]} 7. O-O {[%eval 35,0]} Bg7 {[%eval 37,0]} 8. h3 {[%eval 55,0]
} f6 {[%eval 92,0]} 9. Nf3 {[%eval 74,0]} Nf7 {[%eval 108,0]} 10. dxe5 $6 {
[%eval 25,0] Inaccuracy. Nbd2 was best.} (10. Nbd2) 10... fxe5 {[%eval 41,0]}
11. Qd5 $6 {[%eval 57,0] Inaccuracy. a4 was best.} (11. a4 Ncd8 12. a5 a6 13.
Na3 Ne6 14. Nc2 O-O 15. Ba2 c6 16. Ne3 Nf4 17. h4 Bh6) 11... Ncd8 {[%eval 56,0]
} 12. Be3 {[%eval 46,0]} Ne6 {[%eval 36,0]} 13. Bb5+ $6 {[%eval 89,0]
Inaccuracy. Qd2 was best.} (13. Qd2 Bf6 14. Na3 O-O 15. Nh2 a5 16. Nc2 Kh8 17.
Ne1 Nf4 18. Nd3 g5 19. a4 Be6) 13... Kf8 {[%eval 77,0]} 14. Ba4 {[%eval -75,0]}
Bh6 {[%eval -83,0]} 15. Nbd2 {[%eval -59,0]} Kg7 {[%eval -57,0]} 16. b4 {
[%eval -74,0]} Rf8 {[%eval -100,0]} 17. Nh2 $6 {[%eval -46,0] Inaccuracy. Bb3
was best.} (17. Bb3 Nf4 18. Bxf4 Bxf4 19. Qd3 Kh8 20. Bd5 Ng5 21. Nxg5 Qxg5 22.
Nf3 Qh5 23. Nh2 g5) 17... Nf4 {[%eval -31,0]} 18. Bxf4 {[%eval -62,0]} Bxf4 {
[%eval -94,0]} 19. Bd1 $6 {[%eval -197,0] Inaccuracy. Ndf3 was best.} (19. Ndf3
a5 20. a3 Ng5 21. Nxg5 Qxg5 22. Kh1 Bxh2 23. Kxh2 axb4 24. axb4 Bxh3 25. gxh3
Rf3) 19... a5 {[%eval -23,0]} 20. Nc4 $6 {[%eval -147,0] Inaccuracy. Nhf3 was
best.} (20. Nhf3 axb4) 20... axb4 {[%eval -164,0]} 21. cxb4 {[%eval -135,0]}
Ng5 {[%eval -152,0]} 22. Qd3 $6 {[%eval -211,0] Inaccuracy. Nf3 was best.} (22.
Nf3) 22... Bxh2+ $4 {[%eval -97,0] Blunder. Nxh3+ was best.} (22... Nxh3+) 23.
Kxh2 {[%eval -65,0]} Rf4 {[%eval 99,0]} 24. Ne3 $2 {[%eval -165,0] Mistake.
Nd2 was best.} (24. Nd2 Be6) 24... Rxe4 $2 {[%eval -96,0] Mistake. c6 was best.
} (24... c6) 25. Nd5 {[%eval -95,0]} Qf7 {[%eval -57,0]} 26. Qg3 $6 {[%eval
-178,0] Inaccuracy. Bb3 was best.} (26. Bb3 Rh4) 26... Ne6 $4 {[%eval 21,0]
Blunder. Qxd5 was best.} (26... Qxd5) 27. Bb3 {[%eval 55,0]} Nd4 {[%eval 24,0]}
28. f3 $2 {[%eval -45,0] Mistake. Rac1 was best.} (28. Rac1) 28... Re2 {
[%eval -26,0]} 29. Bc4 $4 {[%eval -225,0] Blunder. Rac1 was best.} (29. Rac1 c6
) 29... Rc2 $2 {[%eval -187,0] Mistake. Be6 was best.} (29... Be6 30. Bxe2 Nxe2
31. Qf2 Bxd5 32. Qxe2 Bc4 33. Qe1 Bxf1 34. Qxf1 Qf4+ 35. Kh1 Qxb4 36. Qc1) 30.
Rac1 $4 {[%eval -335,0] Blunder. Nb6 was best.} (30. Nb6 Rxc4) 30... Be6 {
[%eval -301,0]} 31. Rxc2 {[%eval -463,0]} Nxc2 {[%eval -498,0]} 32. Qf2 $6 {
[%eval -688,0] Inaccuracy. Rc1 was best.} (32. Rc1 Nxb4) 32... Nd4 {[%eval
-669,0]} 33. Nb6 {[%eval -787,0]} cxb6 {[%eval -769,0]} 34. Bxe6 {[%eval -788,
0]} Qxe6 {[%eval -739,0]} 35. Rc1 {[%eval -763,0]} Qf7 {[%eval -725,0]} 36. Kh1
{[%eval -705,0]} Rxa2 {[%eval -892,0]} 37. Qh4 {[%eval -867,0]} Rc2 {[%eval
-755,0]} 38. Rf1 {[%eval -831,0]} Nf5 {[%eval -809,0]} 39. Qe1 {[%eval -965,0]}
Re2 {[%eval -844,0]} 40. Qd1 {[%eval -812,0]} Ng3+ {[%eval -964,0]} 41. Kg1 {
[%eval -814,0]} Qa2 {[%eval -1117,0]} 0-1

[Event "Kvika Reykjavik Open 2022"]
[Site "Reykjavik, Iceland"]
[Date "2022.04.08"]
[Round "4.44"]
[White "Tirziman, Rudolf"]
[Black "Valkama, Eero"]
[Result "1/2-1/2"]
[WhiteElo "1963"]
[BlackElo "2244"]
[PlyCount "105"]
[EventDate "2022.??.??"]

1. d4 {[%eval 3,0]} Nf6 {[%eval 23,0]} 2. c4 {[%eval 2,0]} e6 {[%eval 23,0]} 3.
Nf3 {[%eval 0,0]} b6 {[%eval 29,0]} 4. g3 {[%eval 18,0]} Ba6 {[%eval 19,0]} 5.
b3 {[%eval 13,0]} b5 $6 {[%eval 66,0] Inaccuracy. Bb4+ was best.} (5... Bb4+ 6.
Bd2 Be7 7. Bg2 d5 8. O-O Bb7 9. cxd5 exd5 10. Bc3) 6. cxb5 {[%eval 58,0]} Bxb5
{[%eval 66,0]} 7. Bg2 {[%eval 51,0]} d5 {[%eval 67,0]} 8. O-O {[%eval 91,0]}
Nbd7 {[%eval 78,0]} 9. Nc3 {[%eval 87,0]} Ba6 {[%eval 71,0]} 10. Bb2 {[%eval
64,0]} Be7 {[%eval 6,0]} 11. Rc1 {[%eval 62,0]} O-O {[%eval 66,0]} 12. Re1 {
[%eval 53,0]} c5 {[%eval 43,0]} 13. e4 {[%eval 3,0]} Nxe4 {[%eval 58,0]} 14.
Nxe4 {[%eval 48,0]} dxe4 {[%eval 13,0]} 15. Rxe4 {[%eval 46,0]} Bb7 {[%eval 74,
0]} 16. Re2 {[%eval 51,0]} Rc8 {[%eval 77,0]} 17. dxc5 {[%eval 87,0]} Bxc5 $4 {
[%eval 407,0] Blunder. Rxc5 was best.} (17... Rxc5 18. Rec2) 18. Rd2 {[%eval
469,0]} Bd5 {[%eval 408,0]} 19. Ne5 $4 {[%eval 183,0] Blunder. Nh4 was best.} (
19. Nh4) 19... Nxe5 {[%eval 241,0]} 20. Bxd5 $4 {[%eval 0,0] Blunder. Bxe5 was
best.} (20. Bxe5) 20... exd5 $4 {[%eval 292,0] Blunder. Bxf2+ was best.} (20...
Bxf2+ 21. Kxf2 Rxc1 22. Qxc1 Qf6+ 23. Ke1 exd5 24. Rxd5 Re8 25. Bxe5 Rxe5+ 26.
Rxe5 Qxe5+ 27. Kd2) 21. Bxe5 {[%eval 265,0]} Qb6 $6 {[%eval 306,0] Inaccuracy.
Bb6 was best.} (21... Bb6 22. Rxc8 Qxc8 23. Rxd5 Qf5 24. Bf4 Qe4 25. Re5 Qc6
26. Rd5 Re8 27. a4 h6 28. a5) 22. Rdc2 {[%eval 349,0]} Qe6 {[%eval 369,0]} 23.
Rxc5 {[%eval 371,0]} Rxc5 {[%eval 351,0]} 24. Rxc5 {[%eval 367,0]} Qxe5 {
[%eval 326,0]} 25. Rxd5 {[%eval 373,0]} Qe7 {[%eval 308,0]} 26. h4 {[%eval 326,
0]} h6 {[%eval 367,0]} 27. Qd2 {[%eval 308,0]} Re8 {[%eval 309,0]} 28. Rd7 {
[%eval 337,0]} Qa3 {[%eval 366,0]} 29. Qf4 {[%eval 306,0]} Rf8 {[%eval 378,0]}
30. Qd2 {[%eval 304,0]} Re8 {[%eval 398,0]} 31. Rd8 $2 {[%eval 202,0] Mistake.
Rb7 was best.} (31. Rb7) 31... Rxd8 {[%eval 163,0]} 32. Qxd8+ {[%eval 133,0]}
Kh7 {[%eval 139,0]} 33. Qd3+ {[%eval 187,0]} g6 $6 {[%eval 253,0] Inaccuracy.
Kg8 was best.} (33... Kg8 34. Qd2) 34. Qe2 $2 {[%eval 87,0] Mistake. Qc4 was
best.} (34. Qc4 Kg8 35. b4 a6 36. Qd5 Kg7 37. Qd2 Kh7 38. Kg2 Kg7 39. Qd4+ Kh7
40. Qd5 Kg7) 34... h5 {[%eval 91,0]} 35. Kg2 {[%eval 105,0]} Kg8 {[%eval 131,0]
} 36. Qd2 {[%eval 117,0]} Kg7 $4 {[%eval 319,0] Blunder. a5 was best.} (36...
a5 37. Kf1) 37. Qd4+ {[%eval 291,0]} Kf8 {[%eval 301,0]} 38. Qd2 $4 {[%eval
123,0] Blunder. Qa4 was best.} (38. Qa4) 38... a5 {[%eval 111,0]} 39. Qd8+ {
[%eval 114,0]} Kg7 {[%eval 119,0]} 40. Qd4+ {[%eval 98,0]} Kf8 {[%eval 95,0]}
41. Qd2 {[%eval 136,0]} Kg7 {[%eval 101,0]} 42. Kf3 {[%eval 141,0]} Kf8 {
[%eval 114,0]} 43. Ke2 {[%eval 125,0]} Kg7 {[%eval 134,0]} 44. Qd4+ {[%eval
137,0]} Kf8 {[%eval 101,0]} 45. Qa4 {[%eval 124,0]} Qb2+ {[%eval 86,0]} 46. Kf3
{[%eval 124,0]} Qc3+ {[%eval 91,0]} 47. Kg2 {[%eval 134,0]} Qc5 {[%eval 137,0]}
48. Qe4 {[%eval 108,0]} Qa3 {[%eval 104,0]} 49. Qe2 {[%eval 145,0]} Kg7 {
[%eval 126,0]} 50. f3 $2 {[%eval 22,0] Mistake. Qd2 was best.} (50. Qd2 Kg8 51.
Kf3 Qc5 52. Ke4 Qc6+ 53. Kd3 Qd6+ 54. Kc2 Qa3 55. Kb1 Kh7 56. Qc3 Kg8) 50...
Kf8 {[%eval 39,0]} 51. g4 {[%eval 24,0]} hxg4 {[%eval 12,0]} 52. fxg4 {[%eval
8,0]} Kg7 {[%eval 25,0]} 53. Qe5+ {[%eval 25,0]} 1/2-1/2

[Event "Kvika Reykjavik Open 2022"]
[Site "Reykjavik, Iceland"]
[Date "2022.04.08"]
[Round "4.45"]
[White "Sowray, Peter J"]
[Black "Sarkisian, Arman"]
[Result "1-0"]
[WhiteElo "2243"]
[BlackElo "1862"]
[PlyCount "59"]
[EventDate "2022.??.??"]

1. d4 {[%eval 3,0]} Nf6 {[%eval 23,0]} 2. c4 {[%eval 2,0]} e6 {[%eval 23,0]} 3.
Nc3 {[%eval 5,0]} Bb4 {[%eval 25,0]} 4. a3 $6 {[%eval 33,0] Inaccuracy. Qc2
was best.} (4. Qc2 O-O 5. a3 Bxc3+ 6. Qxc3 b6 7. e3 Bb7 8. Nf3 d5) 4... Bxc3+ {
[%eval 17,0]} 5. bxc3 {[%eval 14,0]} c5 {[%eval 0,0]} 6. f3 {[%eval 39,0]} d6 {
[%eval 13,0]} 7. e4 {[%eval 64,0]} Nc6 {[%eval 2,0]} 8. Ne2 {[%eval 24,0]} e5
$6 {[%eval 31,0] Inaccuracy. b6 was best.} (8... b6 9. Qa4) 9. d5 {[%eval 31,0]
} Na5 {[%eval 44,0]} 10. Bg5 $6 {[%eval 52,0] Inaccuracy. Ng3 was best.} (10.
Ng3 Bd7) 10... Qd7 $2 {[%eval 75,0] Mistake. Bd7 was best.} (10... Bd7 11. Ng3
h6 12. Be3 Qe7 13. Bd3 g5 14. Rb1 O-O-O 15. O-O b6 16. Kh1 Rdg8 17. Qd2) 11.
Ng3 {[%eval 4,0]} b6 {[%eval 88,0]} 12. Bxf6 {[%eval 94,0]} gxf6 {[%eval 93,0]}
13. Nh5 {[%eval 94,0]} Ke7 {[%eval 125,0]} 14. Bd3 {[%eval 104,0]} Ba6 {
[%eval 107,0]} 15. O-O {[%eval 114,0]} Rag8 {[%eval 78,0]} 16. Ra2 {[%eval 108,
0]} Bxc4 {[%eval 106,0]} 17. Bxc4 {[%eval 64,0]} Nxc4 {[%eval 63,0]} 18. Qe2 {
[%eval 2,0]} Na5 $4 {[%eval 272,0] Blunder. Qa4 was best.} (18... Qa4 19. g4
Rg6 20. h4 b5 21. Kh2 Kd7 22. Ng3 h5 23. Nf5 Kc7 24. Rg1 Kb6 25. Kh3) 19. f4 {
[%eval 207,0]} Rg6 {[%eval 272,0]} 20. Qf3 $4 {[%eval 51,0] Blunder. fxe5 was
best.} (20. fxe5 dxe5 21. Rf5 Nb7 22. Qf1 Kd8 23. Nxf6 Qe7 24. Raf2 Nd6 25. Rh5
h6 26. a4 Kc7) 20... Qg4 {[%eval 97,0]} 21. fxe5 {[%eval 7,0]} dxe5 {[%eval 97,
0]} 22. d6+ {[%eval 81,0]} Kxd6 {[%eval 92,0]} 23. Qd3+ {[%eval 135,0]} Ke7 {
[%eval 123,0]} 24. Rd2 $2 {[%eval 0,0] Mistake. Rd1 was best.} (24. Rd1 Qe6)
24... Nb7 $4 {[%eval 635,0] Blunder. Nc4 was best.} (24... Nc4 25. Nxf6 Rxf6
26. Rxf6 Nxd2 27. Qd6+ Ke8 28. Qb8+ Ke7) 25. Ng3 {[%eval 624,0]} Rd8 {[%eval
683,0]} 26. Nf5+ {[%eval 671,0]} Ke8 {[%eval 701,0]} 27. Qb5+ {[%eval 692,0]}
Kf8 {[%eval 754,0]} 28. Rxd8+ {[%eval 698,0]} Nxd8 {[%eval 692,0]} 29. g3 {
[%eval 687,0]} Qxe4 {[%eval 769,0]} 30. Qd7 {[%eval 831,0]} 1-0

[Event "Kvika Reykjavik Open 2022"]
[Site "Reykjavik, Iceland"]
[Date "2022.04.08"]
[Round "4.47"]
[White "Larkin, Benjamin"]
[Black "Villiers, Thomas"]
[Result "0-1"]
[WhiteElo "1857"]
[BlackElo "2219"]
[PlyCount "54"]
[EventDate "2022.??.??"]

1. e4 {[%eval 33,0]} c5 {[%eval 32,0]} 2. Nf3 {[%eval 0,0]} d6 {[%eval 0,0]} 3.
d4 {[%eval 15,0]} cxd4 {[%eval 13,0]} 4. Nxd4 {[%eval 29,0]} Nf6 {[%eval 31,0]}
5. Nc3 {[%eval 18,0]} a6 {[%eval 33,0]} 6. f3 {[%eval 33,0]} e6 {[%eval 25,0]}
7. Be3 {[%eval 17,0]} Be7 {[%eval 38,0]} 8. Qd2 {[%eval 44,0]} b5 {[%eval 68,0]
} 9. g4 {[%eval 89,0]} Bb7 {[%eval 92,0]} 10. O-O-O {[%eval 99,0]} Nc6 {
[%eval 124,0]} 11. Kb1 {[%eval 96,0]} Nd7 $6 {[%eval 152,0] Inaccuracy. Nxd4
was best.} (11... Nxd4) 12. Nxc6 {[%eval 124,0]} Bxc6 {[%eval 105,0]} 13. Bf4
$2 {[%eval 3,0] Mistake. g5 was best.} (13. g5 O-O 14. h4 Rc8 15. a3 Rb8 16.
Ne2 Nb6 17. Nd4 Bd7 18. h5 Qc7 19. g6 Nc4) 13... Ne5 {[%eval 7,0]} 14. Bxe5 $4
{[%eval -45,0] Blunder. Qf2 was best.} (14. Qf2) 14... dxe5 {[%eval -55,0]} 15.
Qxd8+ {[%eval -97,0]} Bxd8 $6 {[%eval 46,0] Inaccuracy. Rxd8 was best.} (15...
Rxd8) 16. Ne2 $4 {[%eval -141,0] Blunder. a4 was best.} (16. a4 bxa4 17. Rd6
Bb7 18. Nxa4 Ke7 19. Rd3 Bc6 20. Ra3 a5 21. h4 h5 22. g5 f6) 16... Ke7 $2 {
[%eval -75,0] Mistake. h5 was best.} (16... h5 17. gxh5) 17. Ng3 $6 {[%eval
-189,0] Inaccuracy. Nc1 was best.} (17. Nc1 h5 18. Nd3 f6 19. g5 h4 20. Rg1 Bb6
21. gxf6+ gxf6 22. Rg7+ Kf8 23. Rg2 Rd8) 17... Bb6 {[%eval -200,0]} 18. c4 {
[%eval -139,0]} Rhd8 $6 {[%eval -31,0] Inaccuracy. b4 was best.} (18... b4) 19.
Rxd8 {[%eval -199,0]} Rxd8 {[%eval -35,0]} 20. cxb5 {[%eval -9,0]} axb5 {
[%eval -31,0]} 21. Be2 {[%eval -26,0]} g6 {[%eval -24,0]} 22. Rc1 $6 {[%eval
-135,0] Inaccuracy. Kc2 was best.} (22. Kc2) 22... Be8 {[%eval -154,0]} 23. Rc3
{[%eval -144,0]} Bg1 {[%eval -145,0]} 24. h3 {[%eval -281,0]} Kf6 {[%eval -251,
0]} 25. Rb3 {[%eval -203,0]} Rb8 $6 {[%eval -289,0] Inaccuracy. Kg5 was best.}
(25... Kg5 26. Nf1) 26. Nf1 {[%eval -271,0]} Kg5 {[%eval -275,0]} 27. Nd2 {
[%eval -271,0]} Bc5 {[%eval -292,0]} 0-1